[Event "Hastings op9495"]
[Site "Hastings"]
[Date "1994.??.??"]
[Round "?"]
[White "McShane, Luke J"]
[Black "Parr, David"]
[Result "1-0"]
[WhiteElo "2095"]
[BlackElo "2270"]

1.e4 c5 2.Nf3 d6 3.d4 cxd4 4.Nxd4 Nf6 5.Nc3 a6 6.Be3 e6 7.Qd2 b5 8.f3 Bb7
9.g4 Nc6 10.Nxc6 Bxc6 11.h4 Rc8 12.O-O-O Qa5 13.Kb1 Nd7 14.Ne2 Qxd2 15.Rxd2 Ne5
16.Nd4 Bb7 17.Bf4 Nc4 18.Bxc4 bxc4 19.Ne2 d5 20.e5 Bc5 21.Nd4 Bc6 22.c3 Kd7
23.Rf1 Rb8 24.Be3 Rb7 25.f4 Rhb8 26.f5 Bxd4 27.Bxd4 Re8 28.h5 Rg8 29.Rg2 a5
30.Kc1 a4 31.a3 Bb5 32.Kd2 Bc6 33.Ke3 Bb5 34.Bc5 Bc6 35.Kd4 Bb5 36.f6 g6
37.hxg6 hxg6 38.Rh1  1-0

[Event "London op"]
[Site "London"]
[Date "1994.??.??"]
[Round "6"]
[White "Holland, Christopher"]
[Black "McShane, Luke J"]
[Result "1/2-1/2"]
[WhiteElo "2220"]
[BlackElo "2130"]

1.c4 g6 2.Nc3 Bg7 3.g3 d6 4.Bg2 Nf6 5.Nf3 O-O 6.O-O c6 7.d4 Nbd7 8.Qc2 e5
9.Rd1 Re8 10.b3 exd4 11.Nxd4 Qc7 12.Bb2 Nc5 13.Re1 Bd7 14.Rad1 Rad8 15.Bc1 h6
16.h3 Qc8 17.Kh2 d5 18.cxd5 cxd5 19.Ncb5 Bxb5 20.Nxb5 a6 21.Ba3 axb5 22.Qxc5 Qa8
23.Bb2 Qxa2 24.Bxf6 Bxf6 25.Bxd5 Rxe2 26.Rf1  1/2-1/2

[Event "London SCCU op"]
[Site "London"]
[Date "1995.08.??"]
[Round "3"]
[White "Condie, Mark L"]
[Black "McShane, Luke J"]
[Result "1/2-1/2"]
[WhiteElo "2450"]
[BlackElo "2170"]

1.e4 c5 2.Nf3 d6 3.d4 cxd4 4.Nxd4 Nf6 5.Nc3 a6 6.f4 Qc7 7.Bd3 g6 8.O-O Bg7
9.Nf3 Bg4 10.Qe1 Bxf3 11.Rxf3 Nbd7 12.Kh1 O-O 13.Qh4 b5 14.a3 Rfe8 15.g4 Nf8
16.Bd2 Qb7 17.g5 N6d7 18.Qf2 e6 19.h4 d5 20.Re1 f5 21.gxf6 Nxf6 22.e5  1/2-1/2

[Event "London SCCU op"]
[Site "London"]
[Date "1995.08.??"]
[Round "5"]
[White "McShane, Luke J"]
[Black "Gufeld, Eduard"]
[Result "0-1"]
[WhiteElo "2170"]
[BlackElo "2440"]

1.e4 d6 2.d4 Nf6 3.Nc3 g6 4.Be3 c6 5.Qd2 b5 6.f3 Nbd7 7.h4 h5 8.Nh3 Bg7 9.Ng5 Qa5
10.Be2 Nb6 11.Nd1 Qxd2+ 12.Bxd2 O-O 13.c3 e5 14.dxe5 dxe5 15.Ne3 Nfd7 16.c4 a6
17.Bb4 Re8 18.b3 f6 19.Nh3 Bf8 20.Bxf8 Nxf8 21.g4 hxg4 22.fxg4 Ne6 23.h5 g5
24.O-O-O Nd4 25.Ng1 Be6 26.Nf5 Bxf5 27.gxf5 bxc4 28.bxc4 Na4 29.h6 Nc3 30.h7+ Kh8  0-1

[Event "London SCCU op"]
[Site "London"]
[Date "1995.08.??"]
[Round "9"]
[White "McShane, Luke J"]
[Black "Costello, Colin"]
[Result "1-0"]
[WhiteElo "2170"]
[BlackElo "2115"]

1.e4 e6 2.d4 d5 3.Nd2 c5 4.exd5 exd5 5.Ngf3 Nc6 6.Be2 Nf6 7.O-O Bd6 8.dxc5 Bxc5
9.Nb3 Bd6 10.Bg5 O-O 11.c3 Bg4 12.h3 Bh5 13.Bxf6 gxf6 14.Nfd4 Bg6 15.h4 h6
16.h5 Be4 17.Bd3 Ne7 18.Bxe4 dxe4 19.Qg4+ Kh8 20.Qxe4 Rg8 21.Qf3 f5 22.Rad1 Qb6
23.Nxf5 Nxf5 24.Qxf5 Rg7 25.Rd4 Rag8 26.g3 Bxg3 27.fxg3 Rxg3+ 28.Kf2 Qa6
29.c4 Qxa2 30.Qf6+ Kh7 31.Qxf7+ R3g7 32.Qf5+ Kh8 33.Nd2 Qxb2 34.Qf6 Kh7 35.Rg1 Qxd4+
36.Qxd4 Rxg1 37.Ne4 R8g2+ 38.Kf3 Kg8 39.Qd8+ Kf7 40.Qd7+ Kf8 41.Qc8+ Ke7
42.Qxb7+  1-0

[Event "EU-ch U12"]
[Site "Verdun"]
[Date "1995.??.??"]
[Round "5"]
[White "McShane, Luke J"]
[Black "Vamos, Viktor"]
[Result "0-1"]
[WhiteElo "2145"]
[BlackElo "2145"]

1.e4 c5 2.Nf3 d6 3.d4 cxd4 4.Nxd4 Nf6 5.Nc3 Nc6 6.f3 e6 7.Be3 Be7 8.Qd2 a6
9.O-O-O Qc7 10.Kb1 O-O 11.g4 b5 12.Nxc6 Qxc6 13.h4 b4 14.Ne2 a5 15.Nd4 Qb7
16.h5 d5 17.g5 Nd7 18.g6 Ne5 19.h6 Bf6 20.gxh7+ Kh8 21.f4 Ng6 22.e5 Be7 23.hxg7+ Kxg7
24.Bd3 Rh8 25.Qh2 Kf8 26.Qh6+ Ke8 27.Bxg6 Bf8 28.Qh4 fxg6 29.f5 gxf5 30.Bg5 Ra7
31.Qh5+ Qf7 32.Qe2 Rxh7 33.Qb5+ Qd7 34.Rxh7 Qxb5 35.Rxa7 Qb8 36.Rxa5 Qxe5
37.Ra8 Kd7 38.Ra7+ Ke8 39.Nb5 Qb8 40.Nc7+ Kf7 41.Be3 Bb7 42.Nb5 Kf6 43.Rh1 d4
44.Bxd4+ e5 45.Rh7 Bc6 46.Raf7+ Kg6 47.Nc7 exd4 48.Ne6 Bh6 49.Rxh6+ Kxh6
50.Rf6+ Kh5 51.Ng7+ Kg4 52.Rg6+ Kf3 53.Rxc6 Qh8  0-1

[Event "Edinburgh"]
[Site "Edinburgh"]
[Date "1996.??.??"]
[Round "6"]
[White "Kinsman, Andrew PH"]
[Black "McShane, Luke J"]
[Result "1/2-1/2"]
[WhiteElo "2400"]
[BlackElo "2385"]

1.d4 Nf6 2.c4 g6 3.Nc3 Bg7 4.e4 d6 5.Be2 O-O 6.Bg5 Nbd7 7.Qd2 e5 8.d5 a5
9.f3 Nc5 10.g4 c6 11.Nh3 cxd5 12.cxd5 Bd7 13.Nf2 Qb8 14.Bb5 Rc8 15.h4 Ne8
16.Be3 Nc7 17.Bxd7 Nxd7 18.h5 b5 19.Ne2  1/2-1/2

[Event "Edinburgh"]
[Site "Edinburgh"]
[Date "1996.??.??"]
[Round "8"]
[White "McShane, Luke J"]
[Black "Richardson, John R"]
[Result "1-0"]
[WhiteElo "2385"]
[BlackElo "2310"]

1.e4 c6 2.d4 d5 3.Nc3 dxe4 4.Nxe4 Nd7 5.Nf3 Ngf6 6.Bd3 Nxe4 7.Bxe4 e6 8.Bf4 Nf6
9.Bd3 b6 10.O-O Bb7 11.Qe2 Bd6 12.Ne5 O-O 13.Bg3 c5 14.dxc5 Bxc5 15.Rfd1 Qe7
16.Bh4 Kh8 17.Bxh7 Rad8 18.Rxd8 Qxd8 19.Rd1 Bd5 20.Bd3 Bd6 21.c4 Ba8 22.Bc2  1-0

[Event "Kilkenny op"]
[Site "Kilkenny"]
[Date "1996.??.??"]
[Round "3"]
[White "Ward, Christopher"]
[Black "McShane, Luke J"]
[Result "1/2-1/2"]
[WhiteElo "2460"]
[BlackElo "2385"]

1.d4 Nf6 2.c4 g6 3.Nc3 Bg7 4.e4 d6 5.f3 O-O 6.Be3 c5 7.Nge2 Nc6 8.d5 Ne5
9.Ng3 e6 10.Be2 exd5 11.cxd5 h5 12.h3 Nh7 13.O-O h4 14.Nh1 f5 15.Qd2 f4 16.Bxf4 g5
17.Be3 Ng6 18.Nf2 Be5 19.Bc4 Nf4 20.Nd3 Qf6 21.Nxe5 Qxe5 22.Rf2 Bd7 23.a4 Rf7
24.Ne2 Nf8 25.Nc1 N8g6 26.Bf1 Re8 27.Ra3 b6 28.b4 Qf6 29.Nd3 Bc8 30.b5 Ne5
31.Nxe5 Qxe5 32.a5 Bb7 33.Qb2 Kh7 34.Qxe5 Rxe5 35.Bd2 Re8 36.Kh2 Kg6 37.Bc1 Rfe7
38.axb6 axb6 39.Ra7 Rf7 40.Rfa2 Ree7 41.Bb2 Re8 42.Bc4 Rd8 43.Ra1 Re8 44.Bc3 Rd8
45.R1a2 Re8 46.Ra1 Rd8  1/2-1/2

[Event "Witley"]
[Site "Witley"]
[Date "1996.??.??"]
[Round "3"]
[White "McShane, Luke J"]
[Black "Rotman, Daniel"]
[Result "1-0"]
[WhiteElo "2385"]
[BlackElo "2345"]

1.e4 c5 2.Nf3 e6 3.d4 cxd4 4.Nxd4 a6 5.Bd3 Qb6 6.Nb3 Qc7 7.c4 d6 8.Nc3 Nf6
9.O-O Be7 10.Be3 b6 11.f4 Nbd7 12.Qf3 Bb7 13.Rae1 O-O 14.Qh3 Rfe8 15.Kh1 g6
16.f5 exf5 17.exf5 Bf8 18.Nd4 Bg7 19.fxg6 hxg6 20.Bh6 Rxe1 21.Rxe1 Ne5 22.Bxg7 Kxg7
23.Rf1 Rh8 24.Qg3 Nfg4 25.h3 Qc5 26.Nce2 Nxd3 27.Qxg4 Ne5 28.Qg3 Qxc4 29.Rd1 Qc8
30.Nf4 Be4 31.Kg1 Qb7 32.Qg5 Kh7 33.Qh4+ Kg8 34.Qf6 Kh7 35.Qxd6 Nc4 36.Qf6 Ne3
37.Re1 Nd5 38.Nxd5 Bxd5 39.Re7 Qc8 40.Nf3 Qc5+ 41.Kh2 Rc8 42.Ng5+ Kh6 43.Nxf7+ Bxf7
44.Rxf7 Rc6 45.Qh4+ Qh5 46.Qe7  1-0

[Event "Witley"]
[Site "Witley"]
[Date "1996.??.??"]
[Round "4"]
[White "Turner, Matthew"]
[Black "McShane, Luke J"]
[Result "1-0"]
[WhiteElo "2425"]
[BlackElo "2385"]

1.b3 Nf6 2.Bb2 g6 3.f4 Bg7 4.Nf3 O-O 5.g3 d6 6.Bg2 Nbd7 7.Nc3 e5 8.fxe5 dxe5
9.e4 Re8 10.O-O Nc5 11.d3 Bg4 12.h3 Bxf3 13.Qxf3 c6 14.Nd1 Ne6 15.Ne3 Nd4
16.Qf2 Qc7 17.Rad1 Rad8 18.Rfe1 b5 19.h4 Qb6 20.Rd2 Nh5 21.Bf3 Nf4 22.Kh2 Nxc2
23.gxf4 Nxe1 24.Qxe1 exf4 25.Ng4 Bxb2 26.Rxb2 Qd4 27.Qf2 Kg7 28.Qxd4+ Rxd4
29.Nf2 c5 30.Rc2 Rc8 31.Be2 a5 32.Kh3 h5 33.Kg2 a4 34.Kf3 Rb4 35.Rc3 Kf6
36.Kxf4 Ke7 37.Ke3 Kd6 38.Bd1 a3 39.Be2 Rd4 40.Rc1 Ke7 41.Nh3 Rd6 42.Nf4 Rdc6
43.Nd5+ Kf8 44.Nc3 Rb8 45.Nb1 b4 46.Nd2 f6 47.Rg1 Kf7 48.Nc4 Re6 49.Bf3 Rd8
50.Kd2 Rd4 51.Rc1 Kg7 52.Ne3 Re5 53.Rg1 Kh6 54.Kc2 Re6 55.Nd5 f5 56.Nf4 Rf6
57.Ne2 fxe4 58.Bxe4 Rdd6 59.Kd2 Rf2 60.Rc1 Rh2 61.Rxc5 Rxh4 62.Re5 Rh2 63.Ke3 Rh3+
64.Kd2 Rf6 65.d4 g5 66.d5 Rh2 67.Re7 g4 68.Rh7+ Kg5 69.Rg7+ Kh4 70.Ke3 Rh3+
71.Kd4 Rf2 72.Bd3 Rhf3 73.d6 Rf8 74.d7 Rd8 75.Ke5 Rf3 76.Nf4 g3 77.Bf5 Rf2
78.Rh7 Rxf4 79.Kxf4 g2 80.Rg7 Rxd7 81.Rxg2 Rd4+ 82.Be4 Kh3 83.Rg1  1-0

[Event "Witley"]
[Site "Witley"]
[Date "1996.??.??"]
[Round "7"]
[White "McShane, Luke J"]
[Black "Stisis, Yaacov"]
[Result "1-0"]
[WhiteElo "2385"]
[BlackElo "2365"]

1.e4 c5 2.Nf3 d6 3.d4 cxd4 4.Nxd4 Nf6 5.Nc3 g6 6.Be3 Bg7 7.f3 O-O 8.Qd2 Nc6
9.Bc4 Bd7 10.O-O-O Rc8 11.Bb3 Ne5 12.h4 Nc4 13.Bxc4 Rxc4 14.h5 Nxh5 15.g4 Nf6
16.Nde2 Qa5 17.Bh6 Rfc8 18.Bxg7 Kxg7 19.Qh6+ Kh8 20.e5 Qxe5 21.Rd5 Qe6 22.Nd4 Rxd4
23.Rxd4 Bc6 24.Rd3 Qc4 25.Re1 b5 26.b3 Qc5 27.Qd2 b4 28.Nd1 Nd5 29.g5 Bb7
30.Kb2 e6 31.c4 bxc3+ 32.Nxc3 Nxc3 33.Rxc3 Qxc3+ 34.Qxc3+ Rxc3 35.Kxc3 Kg7
36.f4 h5 37.gxh6+ Kxh6 38.Rd1 Bd5 39.a4 g5 40.fxg5+ Kxg5 41.Rg1+ Kf6 42.b4 Ke7
43.b5 Kd7 44.a5 e5 45.Kb4 Be4 46.Rc1 f5 47.Rg1 Kc7 48.Rg7+ Kb8 49.Rd7 f4
50.Rxd6 f3 51.Rf6 Kc7 52.Kc3 Kd7 53.Kd2 Kc7 54.Ke3 Bd5 55.Kd3 Bb7 56.Rf7+ Kb8
57.Kc4 e4 58.a6 Bc8 59.Kd5 e3 60.Rxf3 Kc7 61.Rxe3 Kb6 62.Re8 Bg4 63.Rb8+ Ka5
64.Kc5 Be2 65.b6 Kxa6 66.Ra8 Kb7 67.Rxa7+ Kb8 68.Rf7 Bd3 69.Rg7 Be4 70.Rg3 Kb7
71.Re3 Bg2 72.Re7+ Kb8 73.b7 Ka7 74.Rc7 Bf3 75.b8=Q+ Kxb8 76.Kb6  1-0

[Event "Witley"]
[Site "Witley"]
[Date "1996.??.??"]
[Round "10"]
[White "McShane, Luke J"]
[Black "Sylvan, Jacob"]
[Result "1-0"]
[WhiteElo "2385"]
[BlackElo "2285"]

1.e4 c5 2.Nf3 d6 3.d4 cxd4 4.Nxd4 Nf6 5.Nc3 g6 6.Be3 Bg7 7.f3 O-O 8.Qd2 Nc6
9.Bc4 Bd7 10.O-O-O Ne5 11.Bb3 Qa5 12.Kb1 Rfc8 13.h4 Nc4 14.Bxc4 Rxc4 15.h5 Nxh5
16.g4 Nf6 17.Nb3 Qe5 18.Bf4 Qe6 19.Nd4 Rxd4 20.Qxd4 Nxg4 21.Qd2 Nf6 22.Bh6 Bh8
23.Rhe1 Rc8 24.e5 dxe5 25.f4 Bc6 26.Rxe5 Qh3 27.f5 Ne8 28.Nd5 Bxd5 29.Rxd5 Nd6
30.fxg6 hxg6 31.Bg5 Nf5 32.Rd8+ Rxd8 33.Qxd8+ Kh7 34.Bxe7 Qf3 35.Re1 Bg7
36.Bf6 Qc6 37.Bxg7 Kxg7 38.a3 Qf6 39.Qb8 Qb6 40.Rh1 Nh6 41.Qe5+ f6 42.Qh2 Qe3
43.Qc7+ Nf7 44.Qxb7 g5 45.Qc8 Qf3 46.Rg1 f5 47.Qc4 g4 48.Rf1  1-0

[Event "BCF-ch"]
[Site "Hove"]
[Date "1997.08.05"]
[Round "2"]
[White "McShane, Luke J"]
[Black "Lee, Graham D"]
[Result "1-0"]
[WhiteElo "2455"]
[BlackElo "2350"]

1.e4 e6 2.d4 d5 3.Nd2 dxe4 4.Nxe4 Nd7 5.Nf3 Ngf6 6.Nxf6+ Nxf6 7.Bd3 b6 8.O-O Bb7
9.b3 Be7 10.c4 O-O 11.Bb2 c5 12.dxc5 bxc5 13.Qe2 Qc7 14.Rad1 Qc6 15.Qe5 Rfd8
16.Qg3 h6 17.Rfe1 a5 18.Ne5 Qc7 19.Bc1 Nh5 20.Qh3 Nf6 21.Bxh6 gxh6 22.Qg3+ Ng4
23.Qxg4+ Kf8 24.Qf4  1-0

[Event "BCF-ch"]
[Site "Hove"]
[Date "1997.08.07"]
[Round "4"]
[White "McShane, Luke J"]
[Black "Rayner, Francis"]
[Result "1-0"]
[WhiteElo "2455"]
[BlackElo "2190"]

1.e4 e5 2.Nf3 Nc6 3.Bb5 a6 4.Ba4 Nf6 5.Qe2 b5 6.Bb3 Be7 7.O-O O-O 8.d3 d6
9.c3 Be6 10.Bc2 d5 11.Rd1 h6 12.Nbd2 d4 13.cxd4 exd4 14.a3 a5 15.a4 bxa4
16.Bxa4 Nb4 17.Bb3 Bxb3 18.Nxb3 c5 19.Nbd2 Nd7 20.Nc4 a4 21.Bf4 Nb6 22.Nxb6 Qxb6
23.Ne5 Qe6 24.Nc4 Nd5 25.Bg3 Nb6 26.Rdc1 Nxc4 27.Rxc4 f5 28.f3 f4 29.Bf2 Rfb8
30.Qc2 Qb6 31.Rcxa4 Rxa4 32.Qxa4 Qxb2 33.Re1 Qb5 34.Qa7 Qb7 35.Qa2+ Qb3 36.Qa6 Rb6
37.Qc8+ Kh7 38.Qf5+ Kg8 39.e5 Qc2 40.e6 Rb2 41.Rf1 Rb1 42.g3 fxg3 43.hxg3 Rxf1+
44.Kxf1 Qc1+ 45.Kg2 Qg5 46.Qe4 g6 47.Qa8+ Kg7 48.Qe8 Qf6 49.Qd7 h5 50.Be1 g5
51.Ba5 Kg6 52.Bc7 Kf5 53.Bd6 Qxe6 54.Qxe7 Qa2+ 55.Kf1 Qb1+ 56.Kf2 Qb2+ 57.Qe2 Qxe2+
58.Kxe2 h4 59.gxh4 gxh4 60.Bxc5 h3 61.Bd6  1-0

[Event "London"]
[Site "London"]
[Date "1997.10.18"]
[Round "1"]
[White "McShane, Luke J"]
[Black "Lalic, Bogdan"]
[Result "1/2-1/2"]
[WhiteElo "2455"]
[BlackElo "2600"]

1.e4 c5 2.Nf3 d6 3.d4 cxd4 4.Nxd4 Nf6 5.Nc3 Nc6 6.Be3 e5 7.Nb3 Be6 8.f3 d5
9.exd5 Nxd5 10.Nxd5 Qxd5 11.Qxd5 Bxd5 12.O-O-O O-O-O  1/2-1/2

[Event "London"]
[Site "London"]
[Date "1997.10.19"]
[Round "2"]
[White "McShane, Luke J"]
[Black "Pedersen, Steffen"]
[Result "1/2-1/2"]
[WhiteElo "2455"]
[BlackElo "2435"]

1.e4 c5 2.Nf3 d6 3.d4 cxd4 4.Nxd4 Nf6 5.Nc3 Nc6 6.Be3 e5 7.Nb3 Be6 8.Qd2 Be7
9.Be2 O-O 10.Bf3 Na5 11.Nxa5 Qxa5 12.O-O Qc7 13.g3 a6 14.Rfd1 Rac8 15.Bg5 Rfd8
16.h4 h6 17.Bxf6 Bxf6 18.Nd5 Bxd5 19.Qxd5 Qxc2 20.Qxb7 Rb8 21.Qxa6 Rxb2 22.Qf1 Rxa2
23.Rac1 Qa4 24.Rc4 Qa7 25.Rdc1 Rb8 26.Rc7 Rb7 27.Rxb7 Qxb7 28.Qh3 Qa7 29.Rc8+ Kh7
30.Be2 g6 31.Qg4 h5 32.Qf3 Kg7 33.Qd3 Be7 34.Qc4 Qa4 35.Rc7 Kf6 36.Qd3 Qa3
37.Rc3 Qb2 38.Qf3+ Kg7 39.Bc4 Bf6 40.Bxa2 Qxa2 41.Rd3 Qb1+ 42.Kg2 Qb4 43.Rd5 Be7
44.Qd3 Qb6 45.Rb5 Qc6 46.Rb3 f5 47.Qd5 Qxd5 48.exd5 e4 49.f3 Kf6 50.Rb7 Bf8
51.Kf2 exf3 52.Kxf3 Ke5 53.Rf7 Bh6 54.Re7+ Kxd5 55.Rh7 Bd2 56.Rg7 g5 57.hxg5 Ke6
58.Kg2 d5 59.Kh3 d4 60.Rg6+ Ke5 61.Kh4 d3 62.Rg8 Bc3 63.Re8+ Kd5 64.g6 Bf6+
65.Kxh5 Kd4 66.Re1 d2 67.Rh1 Ke3 68.Kh6 Kf3 69.g7 Bxg7+ 70.Kxg7 Kxg3 71.Rd1 f4
72.Kf6 f3 73.Ke5 f2 74.Ke4 Kg2 75.Rxd2 Kg1 76.Rxf2 Kxf2  1/2-1/2

[Event "London"]
[Site "London"]
[Date "1997.10.21"]
[Round "6"]
[White "McShane, Luke J"]
[Black "Dunnington, Angus J"]
[Result "1-0"]
[WhiteElo "2455"]
[BlackElo "2420"]

1.e4 c5 2.Nf3 d6 3.d4 Nf6 4.Nc3 cxd4 5.Nxd4 g6 6.Be3 Bg7 7.f3 Nc6 8.Bc4 O-O
9.Qd2 Bd7 10.O-O-O Ne5 11.Bb3 Rc8 12.h4 h5 13.Bg5 Rc5 14.Kb1 b5 15.g4 a5
16.gxh5 Nxh5 17.Nd5 Re8 18.Nf4 a4 19.Nxh5 gxh5 20.Bd5 Rxd5 21.exd5 Nc4 22.Qe2 Qa5
23.Rhg1 Kh8 24.Bc1 a3 25.Nb3 axb2 26.Bxb2 Na3+ 27.Kc1 Bxb2+ 28.Kxb2 Qb4 29.Qe1 Nc4+
30.Ka1 Qa3 31.Qc3+ f6 32.Rd3 Ra8 33.Nc1 Qc5 34.Re1 b4 35.Qd4 Qc7 36.Rxe7 Ne5
37.Qf4  1-0

[Event "London"]
[Site "London"]
[Date "1997.10.22"]
[Round "7"]
[White "Wells, Peter K"]
[Black "McShane, Luke J"]
[Result "0-1"]
[WhiteElo "2530"]
[BlackElo "2455"]

1.d4 Nf6 2.c4 g6 3.Nc3 Bg7 4.e4 d6 5.Nf3 O-O 6.Be2 e5 7.O-O Nc6 8.d5 Ne7
9.b4 Nh5 10.Re1 h6 11.c5 Nf4 12.Bf1 g5 13.Nd2 f5 14.Nc4 a6 15.cxd6 cxd6 16.a4 Neg6
17.Ba3 Rf7 18.b5 Bf8 19.g3 g4 20.gxf4 Nh4 21.Bg2 exf4 22.e5 Nxg2 23.Kxg2 Qh4
24.Qd3 f3+ 25.Kh1 Rg7 26.Rg1 Rg5 27.Nd2 dxe5 28.Nf1 Bxa3 29.Rxa3 Qxf2 30.d6 Be6
31.d7 Qd4 32.Nd1 Qxd7  0-1

[Event "London"]
[Site "London"]
[Date "1997.10.23"]
[Round "8"]
[White "McShane, Luke J"]
[Black "Rowson, Jonathan"]
[Result "0-1"]
[WhiteElo "2455"]
[BlackElo "2490"]

1.e4 c5 2.Nf3 d6 3.d4 Nf6 4.Nc3 cxd4 5.Nxd4 Nc6 6.Be3 e6 7.f3 Be7 8.Qd2 O-O
9.O-O-O a6 10.g4 Nxd4 11.Bxd4 b5 12.h4 Bb7 13.g5 Nd7 14.Kb1 Rc8 15.Qg2 b4
16.Ne2 Qc7 17.Nc1 Ne5 18.f4 Ng6 19.Be3 d5 20.Qf2 dxe4 21.h5 Nxf4 22.Bxf4 e3
23.Qh2 e2 24.Bxe2 Qxc2+ 25.Ka1 Bxh1 26.Qxh1 Qf5 27.Nd3 Rfd8 28.Qb7 Bxg5 29.Bc7 Qd5
30.Qb6 Rd7 31.Bg3 Qg2 32.Bf2 Qe4 33.Re1 Rxd3 34.Bxd3 Qxd3 35.Qxb4 Qd2  0-1

[Event "Iona Tech Masters"]
[Site "Kilkenny"]
[Date "1997.11.28"]
[Round "4"]
[White "O'Cinneide, Mel"]
[Black "McShane, Luke J"]
[Result "0-1"]
[WhiteElo "2285"]
[BlackElo "2455"]

1.c4 Nf6 2.Nc3 g6 3.g3 Bg7 4.Bg2 O-O 5.e4 d6 6.Nge2 c6 7.O-O e5 8.d3 a6 9.a4 a5
10.h3 Na6 11.Be3 Nd7 12.f4 Ndc5 13.Rb1 Re8 14.d4 exd4 15.Bxd4 Bf8 16.f5 Nd7
17.Nf4 Nac5 18.Qf3 Ne5 19.Qf2 b6 20.fxg6 fxg6 21.b3 Ra7 22.Qc2 Rf7 23.Rbd1 Bg7
24.Nce2 Ref8 25.Qc3 Qe8 26.h4 Bg4 27.Rde1 h6 28.Nc1 g5 29.hxg5 hxg5 30.Nfd3 Nf3+
31.Bxf3 Rxf3 32.Rxf3 Rxf3 33.Bxg7 Rxg3+ 34.Kh2 Rh3+ 35.Kg1 Qh5 36.Nf2 Rxc3
37.Bxc3 Bf3  0-1

[Event "Iona Tech Masters"]
[Site "Kilkenny"]
[Date "1997.11.28"]
[Round "5"]
[White "McShane, Luke J"]
[Black "Hennigan, Michael"]
[Result "1-0"]
[WhiteElo "2455"]
[BlackElo "2415"]

1.e4 c5 2.Nf3 Nc6 3.d4 cxd4 4.Nxd4 Nf6 5.Nc3 d6 6.Be3 Ng4 7.Bg5 h6 8.Bh4 g5
9.Bg3 Bg7 10.Nb3 f5 11.Be2 h5 12.h3 Bxc3+ 13.bxc3 Nf6 14.exf5 Bxf5 15.h4 g4
16.Bd3 Ne4 17.Bxe4 Bxe4 18.O-O e5 19.Nd2 Bf5 20.Nc4 Rh6 21.f4 e4 22.Rb1 Qd7
23.Ne3 O-O-O 24.Rb5 Ne7 25.c4 a6 26.Rb6 Qc7 27.Qd4 Re6 28.Rfb1 Rd7 29.Be1 g3
30.Ba5 Nc6 31.Rxc6 Qxc6 32.Qh8+  1-0

[Event "Caledonian Masters"]
[Site "Edinburgh"]
[Date "1997.??.??"]
[Round "2"]
[White "Lehtivaara, Petri"]
[Black "McShane, Luke J"]
[Result "0-1"]
[WhiteElo "2370"]
[BlackElo "2455"]

1.d4 Nf6 2.c4 g6 3.Nc3 Bg7 4.e4 d6 5.f3 O-O 6.Be3 c6 7.Bd3 a6 8.a4 e5 9.dxe5 dxe5
10.a5 Nbd7 11.Nge2 Nh5 12.O-O f5 13.exf5 gxf5 14.f4 Qe7 15.Qc1 exf4 16.Nxf4 Ne5
17.Be2 Nxf4 18.Bxf4 Be6 19.Qe3 Ng6 20.Bg5 Qf7 21.c5 f4 22.Qf2 Qf5 23.Bh4 Nxh4
24.Qxh4 Qxc5+ 25.Kh1 Qb4 26.Bd3 Bf5 27.Bxf5 Rxf5 28.Ne2 Raf8 29.Qg4 Kh8 30.h3 Rxa5
31.Rxa5 Qxa5 32.Nxf4 Qb5 33.Rd1 Be5 34.Nd3 Bxb2  0-1

[Event "Caledonian Masters"]
[Site "Edinburgh"]
[Date "1997.??.??"]
[Round "3"]
[White "McShane, Luke J"]
[Black "Gormally, Daniel"]
[Result "1/2-1/2"]
[WhiteElo "2455"]
[BlackElo "2425"]

1.e4 c5 2.Nf3 d6 3.d4 cxd4 4.Nxd4 Nf6 5.Nc3 a6 6.Be3 e5 7.Nb3 Be7 8.Be2 Be6
9.O-O O-O 10.Qd2 Nbd7 11.a4 Qc7 12.a5 Rfd8 13.Rfd1 Rac8 14.f3 h6 15.Bf1 Qc6
16.Rac1 Bc4 17.Bxc4 Qxc4 18.Qd3 Qxd3 19.Rxd3 Rc6 20.Nd2 Nc5 21.Bxc5 Rxc5
22.b4 Rc7 23.Rb1  1/2-1/2

[Event "Caledonian Masters"]
[Site "Edinburgh"]
[Date "1997.??.??"]
[Round "5"]
[White "McShane, Luke J"]
[Black "Arkell, Keith C"]
[Result "1/2-1/2"]
[WhiteElo "2455"]
[BlackElo "2480"]

1.e4 c6 2.d4 d5 3.Nd2 dxe4 4.Nxe4 Nd7 5.Bd3 Ngf6 6.Ng5 e6 7.N1f3 Be7 8.O-O h6
9.Ne4 c5 10.Nxc5 Nxc5 11.dxc5 Bxc5 12.Qe1 O-O 13.b4 Bd6 14.Bb2 Qe7 15.a3 Rd8
16.Rd1 a5 17.bxa5 Bd7 18.Ne5 Bxa3 19.Bc3 Nd5 20.Nxd7 Nxc3 21.Qxc3 Rxd7 22.Rb1 Rc7  1/2-1/2

[Event "Caledonian Masters"]
[Site "Edinburgh"]
[Date "1997.??.??"]
[Round "7"]
[White "McShane, Luke J"]
[Black "Pert, Nicholas"]
[Result "1-0"]
[WhiteElo "2455"]
[BlackElo "2240"]

1.e4 e6 2.d4 d5 3.Nd2 Nf6 4.e5 Nfd7 5.f4 c5 6.c3 cxd4 7.cxd4 Nc6 8.Ndf3 h5
9.Bd3 Nb6 10.Ne2 Be7 11.a3 a5 12.b3 g6 13.Kf2 a4 14.b4 Bd7 15.Rb1 Kf8 16.g3 Rc8
17.h3 Na7 18.g4 Bb5 19.Bxb5 Nxb5 20.f5 gxf5 21.gxf5 exf5 22.Qd3 Rc4 23.Rg1 Qc8
24.Bd2 Nc7 25.Rg2 Ke8 26.Rbg1 Ne6 27.Qxf5 Nf8 28.Qd3 Qxh3 29.Ng3 Bh4 30.Ke2 Bxg3
31.Rxg3 Qc8 32.Nh4 Rc6 33.b5 Rc2 34.Nf5 Qc7 35.Nd6+ Ke7 36.Rf3 Rh7 37.Qxh7 Rxd2+
38.Kxd2 Nc4+ 39.Ke2  1-0

[Event "Caledonian Masters"]
[Site "Edinburgh"]
[Date "1997.??.??"]
[Round "8"]
[White "Wang Pin"]
[Black "McShane, Luke J"]
[Result "0-1"]
[WhiteElo "2380"]
[BlackElo "2455"]

1.e4 c5 2.Nf3 d6 3.d4 cxd4 4.Nxd4 Nf6 5.Nc3 a6 6.Be3 e5 7.Nf3 Qc7 8.a4 Be6
9.a5 Nbd7 10.Ng5 Bc4 11.Bxc4 Qxc4 12.Ra4 Qc6 13.O-O Be7 14.Nf3 Ng4 15.Qe2 Nxe3
16.Qxe3 O-O 17.Qe2 Nf6 18.Rc4 Qe8 19.Rd1 Rc8 20.Rxc8 Qxc8 21.Nd2 Qc5 22.Nc4 Rc8
23.b3 Bd8 24.Nd5 Ne8 25.Qg4 Rb8 26.Ra1 g6 27.Qe2 f5 28.Rd1 fxe4 29.Nc3 Bc7
30.Nxe4 Qc6 31.Qd3 Kg7 32.Ne3 Rd8 33.b4 Rd7 34.c4 Rf7 35.Nd5 Bd8 36.Ne3 Be7
37.Nd5 Bd8 38.f3 Qc8 39.Kh1 Qe6 40.Ne3 Be7 41.Qd5 Qc8 42.Qd3 h6 43.Nd5 Bf8
44.Qc3 Kh7 45.Qb3 Qf5 46.c5 Qe6 47.cxd6 Nxd6 48.Nxd6 Bxd6 49.Qe3 Rd7 50.Qe4 Be7
51.h3 Kg7 52.Rd3 Kf7 53.f4 Bd6 54.Re3 Bb8 55.Nc3 Ba7 56.Rf3 Kg7 57.fxe5 Bd4
58.Rf6 Qe8 59.Rd6 Bxc3 60.Rxd7+ Qxd7 61.e6 Qd1+ 62.Kh2 Qd6+ 63.Kh1 Qxb4 64.Qd5 Bf6
65.g4 Qe1+ 66.Kg2 Qe2+ 67.Kg1 Qe3+ 68.Kg2 Be7 69.h4 Qe2+ 70.Kg3 Qe1+ 71.Kf4 Qf2+
72.Ke5 Qg3+ 73.Kd4 Qxg4+ 74.Ke3 Qxh4 75.Qxb7 Qh3+ 76.Kd4 Qxe6 77.Qc7 Qd6+  0-1

[Event "Bundesliga 9697"]
[Site "Germany"]
[Date "1997.??.??"]
[Round "?.1"]
[White "McShane, Luke J"]
[Black "Emms, John M"]
[Result "1/2-1/2"]
[WhiteElo "2400"]
[BlackElo "2535"]

1.e4 e5 2.Nf3 Nc6 3.Bb5 a6 4.Ba4 Nf6 5.O-O b5 6.Bb3 Bc5 7.Qe2 O-O 8.c3 d5
9.exd5 e4 10.d4 exf3 11.Qxf3 Bg4 12.Qd3 Bxd4 13.cxd4 Nb4 14.Qg3 Be2 15.Re1 Bc4
16.Bg5 Bxb3 17.Bxf6 Qxf6 18.Qxb3 Qxd4 19.Rd1 Qc4 20.Qxc4 bxc4 21.Na3 Rfd8
22.Nxc4 Nxd5 23.Na5 Kf8 24.Rd4 Nf6 25.Rc4 Rd2 26.b4 Re8 27.h3 Ree2 28.Rf1 Nd5
29.Nb3 Rxa2 30.Rd1 Nf6 31.Nc1 Rac2 32.Rxc7 Rxf2 33.Rd8+ Ne8 34.Rxc2 Rxc2
35.Nb3 Rb2 36.Nc5 Rxb4 37.Nxa6 Rb1+ 38.Kh2 Ke7 39.Rd2 Nf6 40.Nc7 Rc1 41.Nd5+ Nxd5
42.Rxd5 g6 43.Rd2 h5 44.Kg3 Re1 45.Kf2 Re5 46.Rd4 Kf6 47.Ra4 Rb5 48.Kg3 Rb3+
49.Kf2 Rb5 50.Kg3 Kg5 51.Kf3 h4 52.Rg4+ Kh5 53.Rf4 f5 54.Ra4 Kg5 55.Rc4 Rb1
56.Kf2 Rb2+ 57.Kf3 Rb3+ 58.Kf2 Rb6 59.Ra4 Re6 60.Kf3 Re1 61.Rb4 Kh5 62.Kf2 Re5
63.Kf3 Ra5 64.Rc4 g5 65.Rc8 Ra3+ 66.Kf2 Ra2+ 67.Kg1 g4 68.hxg4+ fxg4 69.Rc5+ Kg6
70.Rc1 Rd2 71.Ra1 Kf5 72.Rf1+ Ke4 73.Re1+ Kf4 74.Ra1 Ke3 75.Rb1 Ke2 76.Ra1 Rd1+
77.Rxd1 Kxd1 78.Kf1 Kd2 79.Kf2 Kd3 80.Kf1 Ke3 81.Ke1 Kd3 82.Kf2 g3+ 83.Kg1 Ke2
84.Kh1 h3 85.Kg1 h2+ 86.Kh1 Kf1  1/2-1/2

[Event "Hastings Premier 9798"]
[Site "Hastings"]
[Date "1997.??.??"]
[Round "2"]
[White "Rausis, Igors"]
[Black "McShane, Luke J"]
[Result "1-0"]
[WhiteElo "2490"]
[BlackElo "2455"]

1.d4 Nf6 2.c4 g6 3.Nc3 Bg7 4.e4 d6 5.f4 O-O 6.Nf3 Na6 7.e5 Nd7 8.Be2 c5 9.exd6 exd6
10.O-O Re8 11.f5 cxd4 12.Nd5 Nc7 13.fxg6 hxg6 14.Bg5 Nf6 15.Nxf6+ Bxf6 16.Bxf6 Qxf6
17.Nxd4 Qg5 18.Bf3 Ne6 19.Bd5 Re7 20.Nf3 Qf6 21.Bxe6 Qxe6 22.Re1 Qf6 23.Rxe7 Qxe7
24.Qd4 Be6 25.b3 a6 26.a4 Rc8 27.Rd1 Bf5 28.Re1 Qc7 29.Qf6 Rf8 30.Nd4 Bc8
31.h3 Qd8 32.Re7 Qb6 33.Kh2 Qc5 34.Re4 b5 35.cxb5 axb5 36.Nxb5 Bb7 37.Rd4 Qc2
38.Rg4 Re8 39.Nxd6 Qc7 40.Rh4 Qxd6+ 41.Qxd6  1-0

[Event "BCF-ch"]
[Site "Hove"]
[Date "1997.??.??"]
[Round "9"]
[White "Hebden, Mark"]
[Black "McShane, Luke J"]
[Result "1-0"]
[WhiteElo "2575"]
[BlackElo "2455"]

1.d4 Nf6 2.Nf3 g6 3.Nc3 d5 4.Bf4 Bg7 5.e3 Bg4 6.Qd3 c6 7.Ne5 Bf5 8.Qd2 Nfd7
9.Bd3 Nxe5 10.Bxe5 Bxe5 11.dxe5 Nd7 12.f4 Nc5 13.Ne2 Qb6 14.O-O Ne4 15.Bxe4 Bxe4
16.c3 O-O-O 17.a4 g5 18.a5 Qc7 19.b4 gxf4 20.exf4 Kb8 21.Ng3 f5 22.exf6 exf6
23.f5 Rhg8 24.Qf4 h5 25.Qxc7+ Kxc7 26.Rf4 Rg4 27.Rxg4 hxg4 28.Rf1 Bd3 29.Rd1 Bc4
30.Nh5 Rf8 31.Re1 Rf7 32.Kf2 Bd3 33.Ng3 Rh7 34.Re6 Rh6 35.Re7+ Kc8 36.Kg1 Ba6
37.Rg7 Kd8 38.Rxg4 Ke7 39.h4 Rh7 40.h5 Kd6 41.Rg6 Ke5 42.Kf2 Bd3 43.Ke3 Bxf5
44.Nxf5 Kxf5 45.g4+ Ke5 46.Rg8 Re7 47.Kf3 b6 48.g5 bxa5 49.bxa5 fxg5 50.Rxg5+ Kd6
51.h6 a6 52.Rg7 Re1 53.Kf4 Kc5 54.Rb7 Rh1 55.Kg5 Kc4 56.Rb6 Rg1+ 57.Kf5 Rf1+
58.Ke5 Re1+ 59.Kf6 Rf1+ 60.Kg7 Rg1+ 61.Kh7 c5 62.Rxa6 Kxc3 63.Rg6 Rb1 64.Rb6 Rg1
65.Rg6 Rb1 66.a6 d4 67.Kg8 Rb8+ 68.Kg7 d3 69.h7 d2 70.Rg1 Kc2 71.h8=Q Rxh8
72.Kxh8 d1=Q 73.Rxd1 Kxd1 74.a7 c4 75.a8=Q c3 76.Qf3+ Kd2 77.Qf2+ Kc1 78.Qe3+ Kb2
79.Qd4  1-0